000 01024cam a2200265 a 4500
001 000008026
005 20200929154411.0
008 951213s1995 ck a 000 0 spa
035 _a(DLC) 95233955
040 _aDO-SdBNP
_cDLC
_bBNPHU
082 _a883.01
_bW495m
100 1 _aWernher, Gretel.
_921925
245 1 0 _aMicenas y Homero :
_ba propósito de Ilíada XV 187-193 /
_cGretel Wernher, Jorge Páramo.
260 _aSantafé de Bogotá :
_bInstituto Caro y Cuervo,
_c1995.
300 _a216 p. :
_bil. ;
_c21 cm.
490 1 _aPublicaciones del Instituto Caro y Cuervo
_v36
_aMinor
504 _aBibliografías: p. 211-216
600 1 4 _aHOMERO, FL. SIGLO VIII A.C.
_xCRÍTICA E INTERPRETACIÓN
_921926
650 4 _aPoesia epica griega
_xMycenaean influences.
_921927
651 4 _aMicenas (Ciudad Extinta{Rpara}
_xEn La Literatura
_921928
700 1 _aParamo, Jorge.
_921929
830 0 _aPublicaciones del Instituto Caro y Cuervo ;
_v36,
_pMinor.
_921930
910 _aCatalogación por copia / LC
049 _aBNGR
999 _c7803
_d7803